[Event "San Fernando op 16th"]
[Site "Cadiz"]
[Date "2002.07.26"]
[Round "4"]
[White "Ibarrola Arino, Jose Ignacio"]
[Black "Fornieles Balmiza, Francisco Javier"]
[Result "1-0"]
[WhiteElo "1961"]
[BlackElo "1908"]
[PlyCount "87"]
[EventDate "2002.07.24"]
[EventType "swiss"]
[EventRounds "7"]
[EventCountry "ESP"]
[SourceTitle "CBM 089 Extra"]
[Source "ChessBase"]
[SourceDate "2002.09.10"]
[SourceVersion "2"]
[SourceVersionDate "2002.09.10"]
[SourceQuality "1"]

1. Nf3 d5 2. d4 Nf6 3. c4 c6 4. Qc2 e6 5. g3 Nbd7 6. Bg2 Bd6 7. 0-0 0-0 8. b3 Qe7 9. Nbd2 b6 10. e4 dxe4 11. Ng5 Bb7 12. Ndxe4 Bc7 13. Bb2 h6 14. Nxf6+ Nxf6 15. Ne4 Nxe4 16. Bxe4 Rad8 17. Rfe1 Qg5 18. Rad1 Bb8 19. c5 b5 20. b4 Kh8 21. Qe2 Rd7 22. Qf3 Rc8 23. Bc1 Qd8 24. Be3 Qg8 25. Qh5 Qf8 26. g4 Kg8 27. g5 g6 28. Qxh6 Qxh6 29. gxh6 Kh7 30. h4 f5 31. Bf3 f4 32. Bc1 Re8 33. Re4 e5 34. Bxf4 Rf8 35. dxe5 Re7 36. Bg4 Bc8 37. Bxc8 Rxc8 38. Kg2 Bc7 39. a3 Kg8 40. Rd3 Rce8 41. Bg5 Rh7 42. e6 a6 43. f3 Kf8 44. Rd7 1-0

[Event "San Fernando op 16th"]
[Site "Cadiz"]
[Date "2002.07.25"]
[Round "3"]
[White "Fornieles Balmiza, Francisco Javier"]
[Black "Vargas, Mariano"]
[Result "0-1"]
[WhiteElo "1908"]
[BlackElo "2300"]
[PlyCount "76"]
[EventDate "2002.07.24"]
[EventType "swiss"]
[EventRounds "7"]
[EventCountry "ESP"]
[SourceTitle "CBM 089 Extra"]
[Source "ChessBase"]
[SourceDate "2002.09.10"]
[SourceVersion "2"]
[SourceVersionDate "2002.09.10"]
[SourceQuality "1"]

1. d4 Nf6 2. c4 g6 3. Nc3 d5 4. cxd5 Nxd5 5. e4 Nxc3 6. bxc3 c5 7. Be3 Bg7 8. Qd2 cxd4 9. cxd4 Nc6 10. Rd1 Qa5 11. Qxa5 Nxa5 12. Nf3 Bd7 13. Bd3 Rc8 14. Rc1 Rxc1+ 15. Bxc1 Nc6 16. Be3 Nb4 17. Bb1 Bg4 18. 0-0 Bxf3 19. gxf3 Kd7 20. a3 Nc6 21. Rd1 Rc8 22. f4 Na5 23. e5 Nc4 24. Bc1 f5 25. d5 Bh6 26. Ba2 Nxe5 27. fxe5 Rxc1 28. Bb3 Rxd1+ 29. Bxd1 Bc1 30. a4 Bf4 31. e6+ Kd6 32. Bb3 Kc5 33. h3 Kb4 34. Bd1 a5 35. Kg2 b5 36. Kf3 Bd6 37. axb5 a4 38. b6 a3 0-1